LEADER 00804nam0-22002771i-450- 001 990001617220403321 005 20081204131303.0 035 $a000161722 035 $aFED01000161722 035 $a(Aleph)000161722FED01 035 $a000161722 100 $a20030910d1941----km-y0itay50------ba 101 0 $aita 200 1 $a<>conquista della materia$edall'alchimia alla radioattivitą artificiale$fBernard Jaffe 210 $aVerona$cA. Mondadori$d1941 215 $a343 p.$d19 cm 610 0 $aChimica$aFilosofia 676 $a540.1 700 1$aJaffe,$bBernard$f<1896- >$068943 801 0$aIT$bUNINA$gRICA$2UNIMARC 901 $aBK 912 $a990001617220403321 952 $a60 DONO BOTTINI 35$b48670$fFAGBC 959 $aFAGBC 996 $aConquista della materia$9369603 997 $aUNINA LEADER 02016oam 2200529I 450 001 9910702368103321 005 20130521085256.0 035 $a(CKB)5470000002426476 035 $a(OCoLC)842285088 035 $a(OCoLC)995470000002426476 035 $a(EXLCZ)995470000002426476 100 $a20130509d2012 ua 0 101 0 $aeng 135 $aurcn||||||||| 181 $2rdacontent 182 $2rdamedia 183 $2rdacarrier 200 10$aCompression response of a rapid-strengthening ultra-high performance concrete formulation /$f[Ben Graybeal] 210 1$aMcLean, VA :$cU.S. Department of Transportation, Federal Highway Administration, Research, Development, and Technology, Turner-Fairbank Highway Research Center,$d2012. 215 $a1 online resource (6 pages) $ccolor illustrations 225 1 $aTechbrief 300 $aTitle from title screen (viewed on May 6, 2013). 300 $a"September 2012." 300 $a"FHWA Publication No.: FHWA-HRT-12-064." 300 $a"HRDI-40/09-12(300)E"--Page 6. 320 $aIncludes bibliographical references (page 6). 606 $aPrefabricated bridges 606 $aConcrete$xCuring 606 $aMaterials$xCompression testing 606 $aHigh strength concrete 606 $aBridges$xDesign and construction$xTechnological innovations 606 $aHydration 615 0$aPrefabricated bridges. 615 0$aConcrete$xCuring. 615 0$aMaterials$xCompression testing. 615 0$aHigh strength concrete. 615 0$aBridges$xDesign and construction$xTechnological innovations. 615 0$aHydration. 700 $aGraybeal$b Ben$01408366 712 02$aUnited States.$bFederal Highway Administration.$bOffice of Infrastructure Research and Development, 801 0$bGPO 801 1$bGPO 801 2$bGPO 906 $aBOOK 912 $a9910702368103321 996 $aCompression response of a rapid-strengthening ultra-high performance concrete formulation$93492038 997 $aUNINA